000 00446nam a2200181Ia 4500
005 20240415091558.0
008 131103s9999 xx 000 0 und d
040 _aLoreto College
041 _aEnglish
082 _a425
_bSHI
100 _aShipley, Joseph T.
245 _aPlaying with words
_cJoseph T. Shipley
260 _aNew York
_bCornerstone
_c1966
300 _a185p.
650 _aEnglish grammar
850 _aLCBED
942 _cBK
999 _c27999
_d78478